000 00449nam a2200169 a 4500
001 0000-9305
003 ELIB.Books
008 110520 1985
035 _a(ELIB.Books)0000-9457
082 _a262
_bWil
100 _aWillimon, William H.
245 _aWhat's Right with the Church
260 _bSan Francisco: Harper and Row Publishers
_c1985
650 _aSocial Theology
942 _2ddc
_cBK
998 _cbat
_e2011-05-20
999 _c9305
_d9305